[Event "Doha Ramadan op"]
[Site "Doha"]
[Date "2024.03.20"]
[Round "7"]
[White "Abdou, Mahmoud"]
[Black "Dimitriu, Cristian"]
[Result "0-1"]
[WhiteElo "1773"]
[BlackElo "1881"]
[PlyCount "96"]
[EventDate "2024.03.14"]
[EventType "swiss"]
[EventRounds "9"]
[EventCountry "QAT"]
[SourceTitle "CB15_2024"]
[SourceDate "2024.04.10"]
[SourceVersion "1"]
[SourceVersionDate "2024.04.10"]
[SourceQuality "1"]

1. Nf3 Nf6 2. c4 g6 3. Nc3 d6 4. d4 Bg7 5. e4 0-0 6. Be2 e5 7. d5 Nbd7 8. h3 Nc5 9. Bg5 h6 10. Bxf6 Qxf6 11. b4 Nd7 12. a3 Qe7 13. g4 a5 14. Rg1 Nb6 15. Rb1 axb4 16. axb4 Bd7 17. Qc1 Kh7 18. Bd3 c6 19. Qe3 Na4 20. Ne2 cxd5 21. exd5 e4 22. Bc2 Nb2 23. c5 Nc4 24. Qxe4 Qxe4 25. Bxe4 Rfe8 26. Bd3 Nb2 27. Rxb2 Bxb2 28. Kd2 Ra3 29. Nfd4 dxc5 30. bxc5 Ra4 31. c6 bxc6 32. dxc6 Bc8 33. Nb5 Rd8 34. Kc2 Be5 35. Nec3 Rf4 36. Rg2 Rf3 37. Be4 Rxh3 38. f3 Ba6 39. Kb3 Rh1 40. Ra2 Bxb5 41. Nxb5 Rc1 42. Ra7 Kg7 43. c7 Rc8 44. Bb7 R8xc7 45. Nxc7 Rxc7 46. Ka2 Bg3 47. Ka1 Bf2 48. Ra3 Rxb7 0-1

[Event "ARG-ch sf 98th"]
[Site "Buenos Aires"]
[Date "2023.05.06"]
[Round "8"]
[White "Escobar, Lautaro Exequiel"]
[Black "Dimitriu, Cristian"]
[Result "1-0"]
[WhiteElo "1629"]
[BlackElo "1850"]
[PlyCount "151"]
[EventDate "2023.04.29"]
[EventType "swiss"]
[EventRounds "9"]
[EventCountry "ARG"]
[SourceTitle "CBM 214 Extra"]
[Source "ChessBase"]
[SourceDate "2023.07.31"]
[SourceVersion "1"]
[SourceVersionDate "2023.07.31"]
[SourceQuality "1"]

1. d4 Nf6 2. c4 e5 3. dxe5 Ng4 4. Bf4 Nc6 5. Nf3 Bb4+ 6. Nbd2 Qe7 7. e3 Ngxe5 8. Nxe5 Nxe5 9. Be2 0-0 10. 0-0 a5 11. Ne4 Ng6 12. Bf3 Nxf4 13. exf4 f5 14. Qd5+ Kh8 15. Ng3 d6 16. a3 c6 17. Qd3 Bc5 18. Rae1 Qf6 19. Qd2 a4 20. Re2 Be6 21. Nh5 Qh6 22. Rfe1 Rae8 23. Qc2 Bd4 24. Qxa4 Ra8 25. Qxa8 Rxa8 26. Rxe6 g6 27. Re8+ Qf8 28. Rxf8+ Rxf8 29. Ng3 Bxb2 30. a4 Ra8 31. Rb1 Bd4 32. Bd1 b6 33. Ne2 Bc5 34. Nc1 Re8 35. Nd3 Re4 36. Bb3 Bd4 37. Re1 Kg7 38. Rxe4 fxe4 39. Nb4 e3 40. fxe3 Bxe3+ 41. Kf1 Bxf4 42. g3 Be3 43. Nxc6 Kf6 44. Ke2 Bg1 45. h3 h5 46. Kf3 Bc5 47. Ke4 Kg5 48. Nd4 Bb4 49. Kd5 Kf6 50. Bc2 g5 51. Kc6 g4 52. h4 Bc5 53. Ne2 Kg7 54. Kd5 Kh6 55. Nd4 Bb4 56. Nf5+ Kh7 57. Nxd6+ Kg7 58. Ne4 Kf7 59. Ke5 Ba3 60. Kf5 Be7 61. Bb3 Kg7 62. Ng5 Bd6 63. Ne6+ Kh6 64. Nf4 Bc5 65. Kf6 Be3 66. Bc2 Bf2 67. Ne2 b5 68. a5 bxc4 69. a6 c3 70. Ke5 Kg7 71. Kd6 Kf6 72. Kc7 Ke5 73. Kb7 Bc5 74. a7 Bxa7 75. Kxa7 Kf6 76. Nxc3 1-0